00794nam a2200157 a 4500008004100000050001900041100001900060245010200079246010500181260009200286350000900378650001300387995009500400999001700495952012400512081126s2007 ||||||||||||||||| || u aTHESIS/STUDENT aKamaji, George10aBuild-Operate and transfer bot schemes: an alternative project financing option for adequate..... aa study of three enterprises under a national planned developing economy, INDECO, RDC, and ZCCM of Z aKitwebCopperbelt University, School of Built Environment, Department of Buildingc2007 a0.00 aBUILDING D0.00FCBU-MAIN LIBRARY (Kitwe)H1I0.00M1UAVAILABLEWNov 26, 2008ZUniversity Collection c36214d36214 00102lcc4070a001b001cUniversity Collectiond2022-11-30l0oTHESIS/STUDENTpZ03003246r2022-11-30w2022-11-30y002